[Event "Canarias-chT"]
[Site "Vecindario"]
[Date "2015.06.11"]
[Round "1.4"]
[White "Gonzalez Acosta, Pablo"]
[Black "Suarez Pazos, Alberto"]
[Result "1-0"]
[WhiteElo "1600"]
[BlackElo "1743"]
[PlyCount "89"]
[EventDate "2015.06.11"]
[EventType "team-swiss"]
[EventRounds "6"]
[EventCountry "ESP"]
[SourceTitle "EXT 2024"]
[Source "ChessBase"]
[SourceDate "2023.10.10"]
[SourceVersion "1"]
[SourceVersionDate "2023.10.10"]
[SourceQuality "1"]
[WhiteTeam "Grandama Santa Lucia"]
[BlackTeam "Anand"]
[WhiteTeamCountry "ESP"]
[BlackTeamCountry "ESP"]

1. d4 d5 2. Nf3 c6 3. e3 Nf6 4. Nbd2 Bg4 5. h3 Bh5 6. c4 e6 7. Be2 Nbd7 8. 0-0 Be7 9. b3 0-0 10. Bb2 a6 11. a3 b5 12. c5 Qc7 13. Qc2 Bg6 14. Bd3 Bxd3 15. Qxd3 h6 16. Rac1 a5 17. Rfe1 a4 18. b4 Rfe8 19. Rcd1 Nh7 20. Ne5 Bf6 21. Nxf7 Kxf7 22. Qxh7 Rh8 23. Qc2 Raf8 24. e4 Be7 25. exd5 exd5 26. Nf3 Ke8 27. Qg6+ Kd8 28. Ne5 Rf6 29. Qxg7 Rhf8 30. Nxc6+ Qxc6 31. Qxe7+ Kc7 32. f3 R8f7 33. Qe8 Rf8 34. Qh5 R8f7 35. Re3 Rf5 36. Qh4 Rf4 37. Qg3 Qf6 38. Rde1 Rg7 39. Qf2 Nf8 40. Kh1 Kd7 41. Qe2 Qh4 42. Bc1 Rxd4 43. Re8 Rf7 44. Qe5 Rf6 45. Re7+ 1-0

[Event "Gran Canaria Santa Lucia op 2nd"]
[Site "Gran Canaria"]
[Date "2014.08.19"]
[Round "8"]
[White "Gonzalez Acosta, Pablo"]
[Black "Sanchez Gonzalez, Eloy Antonio"]
[Result "1-0"]
[WhiteElo "1605"]
[BlackElo "1250"]
[PlyCount "47"]
[EventDate "2014.08.14"]
[EventType "swiss"]
[EventRounds "9"]
[EventCountry "ESP"]
[SourceTitle "EXT 2015"]
[Source "ChessBase"]
[SourceDate "2014.11.20"]
[SourceVersion "1"]
[SourceVersionDate "2014.11.20"]
[SourceQuality "1"]

1. d4 Nf6 2. Nf3 d5 3. e3 e6 4. Bd3 Bd6 5. Nbd2 Nc6 6. c3 Bd7 7. e4 dxe4 8. Nxe4 0-0 9. Nxf6+ Qxf6 10. Bg5 Qg6 11. Bxg6 fxg6 12. Ne5 Bxe5 13. dxe5 Be8 14. Qb3 Rb8 15. 0-0 Bf7 16. f4 Rfe8 17. Rad1 Ne7 18. Bxe7 Rxe7 19. Qa3 Ree8 20. Rd7 Rec8 21. Qe7 Rf8 22. Rfd1 Rbe8 23. Qc5 b6 24. Qxc7 1-0

[Event "Gran Canaria Santa Lucia op 2nd"]
[Site "Gran Canaria"]
[Date "2014.08.17"]
[Round "6"]
[White "Gonzalez Acosta, Pablo"]
[Black "Cruz Pino, Adrian"]
[Result "0-1"]
[WhiteElo "1605"]
[BlackElo "1977"]
[PlyCount "176"]
[EventDate "2014.08.14"]
[EventType "swiss"]
[EventRounds "9"]
[EventCountry "ESP"]
[SourceTitle "EXT 2015"]
[Source "ChessBase"]
[SourceDate "2014.11.20"]
[SourceVersion "1"]
[SourceVersionDate "2014.11.20"]
[SourceQuality "1"]

1. d4 Nf6 2. Nf3 e6 3. e3 c5 4. c3 a6 5. Bd3 Be7 6. Nbd2 Nc6 7. 0-0 Qc7 8. e4 d5 9. e5 Nd7 10. a3 b5 11. b4 c4 12. Bc2 Nb6 13. Re1 a5 14. Bb2 a4 15. Nf1 Bd7 16. Bc1 h6 17. Bf4 0-0-0 18. h4 Kb7 19. h5 Rdg8 20. Qd2 Bf8 21. Nh4 Qd8 22. g3 Be8 23. Ng2 g6 24. hxg6 fxg6 25. Nh2 g5 26. Be3 Nd7 27. f3 Qe7 28. g4 Qg7 29. Rf1 h5 30. Rf2 Be7 31. Raf1 Nf8 32. Qc1 Nd8 33. Ne1 Nf7 34. Rg2 h4 35. Kf2 Ng6 36. Bxg6 Qxg6 37. Ke2 Nd8 38. Kd1 Rf8 39. Qc2 Qg7 40. Kc1 Bg6 41. Qd2 Bh7 42. Rgf2 Rf7 43. Kb2 Rhf8 44. Kc1 Nc6 45. Kb2 Bd8 46. Kc1 Kc8 47. Kb2 Kd7 48. Kc1 Rg8 49. Kb2 Ne7 50. Kc1 Qg6 51. Qc2 Qxc2+ 52. Nxc2 Bd3 53. Rg1 Bh7 54. Ne1 Ng6 55. Rgf1 Nf4 56. Bxf4 Rxf4 57. Kb2 Rgf8 58. Kc1 Kc6 59. Kb2 Bb6 60. Kc1 Kb7 61. Kb2 R4f7 62. Kc1 Kc8 63. Kb2 Kd7 64. Kc1 Ke7 65. Kb2 Rc8 66. Rd2 Kf8 67. Kc1 Kg7 68. Kb2 Rf4 69. Kc1 Bg6 70. Nc2 Bd3 71. Rff2 Rcf8 72. Ne1 Bg6 73. Kb2 Rc8 74. Nc2 Bd3 75. Ne1 Rxd4 76. Rg2 Rf4 77. Nxd3 cxd3 78. Rxd3 d4 79. cxd4 Rxd4 80. Rgd2 Rcd8 81. Kc2 R8d5 82. Rxd4 Bxd4 83. f4 Be3 84. Rxd5 exd5 85. fxg5 Bf4 86. Nf3 h3 87. Kd3 Bxe5 88. Ke3 Bb2 0-1

[Event "Gran Canaria Vecindario op 1st"]
[Site "Gran Canaria"]
[Date "2013.08.05"]
[Round "6"]
[White "Gonzalez Acosta, Pablo"]
[Black "Fernandez de la Hoz A, Carlos"]
[Result "0-1"]
[WhiteElo "1649"]
[BlackElo "1865"]
[PlyCount "70"]
[EventDate "2013.08.01"]
[EventType "swiss"]
[EventRounds "7"]
[EventCountry "ESP"]
[SourceTitle "EXT 2015"]
[Source "ChessBase"]
[SourceDate "2014.11.20"]
[SourceVersion "1"]
[SourceVersionDate "2014.11.20"]
[SourceQuality "1"]

1. d4 g6 2. c4 Bg7 3. Nc3 d6 4. e4 Nd7 5. Nf3 Ngf6 6. Be2 0-0 7. 0-0 c5 8. Be3 b6 9. h3 cxd4 10. Nxd4 Bb7 11. f3 Rc8 12. Qd2 Ne5 13. b3 Nh5 14. f4 Nd7 15. Bxh5 gxh5 16. Nf5 Bf6 17. Rf3 Kh8 18. Rg3 Rg8 19. Nh6 Rg7 20. f5 Qf8 21. Rxg7 Bxg7 22. Rf1 Ne5 23. Nd5 Bxd5 24. exd5 Nd7 25. Rf3 Ne5 26. Rg3 h4 27. Rxg7 Qxg7 28. Qe2 b5 29. cxb5 Rc3 30. Kf1 Qg3 31. Bf2 Rc1+ 32. Be1 Qf4+ 33. Kg1 Qxh6 34. Kh2 Qf4+ 35. Kg1 Nd3 0-1

[Event "Gran Canaria Vecindario op 1st"]
[Site "Gran Canaria"]
[Date "2013.08.03"]
[Round "3"]
[White "Moreno Antonio, Mario"]
[Black "Gonzalez Acosta, Pablo"]
[Result "1-0"]
[WhiteElo "1788"]
[BlackElo "1649"]
[PlyCount "81"]
[EventDate "2013.08.01"]
[EventType "swiss"]
[EventRounds "7"]
[EventCountry "ESP"]
[SourceTitle "EXT 2015"]
[Source "ChessBase"]
[SourceDate "2014.11.20"]
[SourceVersion "1"]
[SourceVersionDate "2014.11.20"]
[SourceQuality "1"]

1. d4 d5 2. Nf3 Nf6 3. c4 e6 4. Bg5 Be7 5. e3 a6 6. Nc3 0-0 7. Bd3 dxc4 8. Bxc4 b5 9. Bd3 Bb7 10. Bxf6 Bxf6 11. 0-0 Nd7 12. Be4 Bxe4 13. Nxe4 Be7 14. Rc1 Rc8 15. Rc6 Nb8 16. Rc2 f5 17. Nc5 Bxc5 18. Rxc5 c6 19. Qb3 Qd6 20. Ne5 Nd7 21. Nxd7 Qxd7 22. Rfc1 Rc7 23. h3 Kh8 24. Qc3 Rfc8 25. Qa5 h6 26. a3 f4 27. Qxa6 fxe3 28. fxe3 Qd6 29. Qa5 Qg3 30. Qd2 Rd8 31. Rxc6 Rxc6 32. Rxc6 e5 33. d5 e4 34. d6 Rd7 35. Qf2 Qe5 36. Qf4 Qd5 37. Rc8+ Kh7 38. Re8 Rxd6 39. Qxe4+ Qxe4 40. Rxe4 Rd3 41. Rb4 1-0

[Event "Gran Canaria Cabildo op"]
[Site "Gran Canaria"]
[Date "2013.01.31"]
[Round "7"]
[White "Gonzalez Acosta, Pablo"]
[Black "Agejas Garcia, Diego"]
[Result "1/2-1/2"]
[WhiteElo "1656"]
[BlackElo "1382"]
[PlyCount "43"]
[EventDate "2013.01.10"]
[EventType "swiss"]
[EventRounds "7"]
[EventCountry "ESP"]
[SourceTitle "CBM 152 Extra"]
[Source "ChessBase"]
[SourceDate "2013.02.25"]
[SourceVersion "1"]
[SourceVersionDate "2013.02.25"]
[SourceQuality "1"]

1. d4 d5 2. e3 Bf5 3. c4 e6 4. Nc3 Nf6 5. Nf3 Nbd7 6. Be2 Be7 7. 0-0 0-0 8. Qb3 b6 9. cxd5 exd5 10. Nxd5 Nxd5 11. Qxd5 Bg6 12. Bd2 Nf6 13. Qxd8 Rfxd8 14. Ne5 Ne4 15. Bc3 Bf5 16. Nc6 Nxc3 17. bxc3 Rd7 18. Bf3 Re8 19. Nxa7 Rd6 20. Nb5 Rh6 21. Nxc7 Bd6 22. Nxe8 1/2-1/2

[Event "Gran Canaria Cabildo op"]
[Site "Gran Canaria"]
[Date "2013.01.28"]
[Round "6"]
[White "Alonso Valiente, Alexis"]
[Black "Gonzalez Acosta, Pablo"]
[Result "1-0"]
[WhiteElo "2090"]
[BlackElo "1656"]
[PlyCount "93"]
[EventDate "2013.01.10"]
[EventType "swiss"]
[EventRounds "7"]
[EventCountry "ESP"]
[SourceTitle "CBM 152 Extra"]
[Source "ChessBase"]
[SourceDate "2013.02.25"]
[SourceVersion "1"]
[SourceVersionDate "2013.02.25"]
[SourceQuality "1"]

1. d4 d5 2. Nf3 e6 3. Bf4 Nf6 4. e3 Nbd7 5. Bd3 Be7 6. h3 0-0 7. 0-0 b6 8. c4 dxc4 9. Bxc4 Bb7 10. Nc3 c5 11. Rc1 cxd4 12. exd4 Rc8 13. Nb5 Ba6 14. Bc7 Qe8 15. Qa4 Nb8 16. Bxb8 Rxc4 17. Qxa6 Rxc1 18. Rxc1 Qxb8 19. Qxa7 Nd5 20. Ne5 Qxa7 21. Nxa7 Bf6 22. Nd7 Rd8 23. Nxf6+ gxf6 24. Rc8 Rxc8 25. Nxc8 e5 26. dxe5 fxe5 27. Kf1 Kg7 28. Ke2 Kf6 29. Kf3 Ke6 30. a3 f5 31. g3 e4+ 32. Ke2 f4 33. gxf4 Kd7 34. Na7 Nxf4+ 35. Ke3 Nxh3 36. Nb5 Ke6 37. Nc3 Ng5 38. Nxe4 Nxe4 39. Kxe4 Kf6 40. a4 Ke6 41. b4 Kd6 42. f4 h5 43. a5 bxa5 44. bxa5 h4 45. a6 h3 46. Kf3 Kc6 47. f5 1-0

[Event "Gran Canaria Cabildo op"]
[Site "Gran Canaria"]
[Date "2013.01.24"]
[Round "5"]
[White "Suarez Buceta, Melquiades"]
[Black "Gonzalez Acosta, Pablo"]
[Result "0-1"]
[WhiteElo "1459"]
[BlackElo "1656"]
[PlyCount "64"]
[EventDate "2013.01.10"]
[EventType "swiss"]
[EventRounds "7"]
[EventCountry "ESP"]
[SourceTitle "CBM 152 Extra"]
[Source "ChessBase"]
[SourceDate "2013.02.25"]
[SourceVersion "1"]
[SourceVersionDate "2013.02.25"]
[SourceQuality "1"]

1. c4 e6 2. Nc3 d5 3. cxd5 exd5 4. g3 Nf6 5. Bg2 c6 6. Nf3 g6 7. 0-0 Bg7 8. d3 0-0 9. Rb1 Bg4 10. Bd2 Qc8 11. Re1 Bh3 12. Bh1 Re8 13. b4 Nbd7 14. b5 Ne5 15. Nxe5 Rxe5 16. Bf4 Rh5 17. Qb3 Be6 18. Qb4 d4 19. bxc6 bxc6 20. Ne4 Bxa2 21. Rbc1 Qh3 22. Nxf6+ Bxf6 23. Bxc6 Qxh2+ 24. Kf1 Bd5 25. e4 dxe3 26. Bxe3 Qg2+ 27. Ke2 Qf3+ 28. Kd2 Bxc6 29. Qd6 Bb5 30. Bxa7 Rd5 31. Re3 Qxf2+ 32. Re2 Qxe2+ 0-1

[Event "Gran Canaria Cabildo op"]
[Site "Gran Canaria"]
[Date "2013.01.21"]
[Round "4"]
[White "Gonzalez Acosta, Pablo"]
[Black "Lopez Colon, Francisco"]
[Result "0-1"]
[WhiteElo "1656"]
[BlackElo "2046"]
[PlyCount "82"]
[EventDate "2013.01.10"]
[EventType "swiss"]
[EventRounds "7"]
[EventCountry "ESP"]
[SourceTitle "CBM 152 Extra"]
[Source "ChessBase"]
[SourceDate "2013.02.25"]
[SourceVersion "1"]
[SourceVersionDate "2013.02.25"]
[SourceQuality "1"]

1. d4 c5 2. c3 Nf6 3. Nf3 e6 4. e3 d5 5. Bd3 Nc6 6. Nbd2 Bd6 7. 0-0 0-0 8. Qe2 e5 9. dxe5 Nxe5 10. Nxe5 Bxe5 11. Nf3 Bg4 12. h3 Bxf3 13. Qxf3 Bc7 14. e4 dxe4 15. Bxe4 Nxe4 16. Qxe4 b6 17. Bf4 Re8 18. Bxc7 Qxc7 19. Qf3 Rad8 20. Rad1 h6 21. Rxd8 Qxd8 22. Rd1 Qe7 23. Qf5 Qe2 24. Rd7 Rf8 25. Rxa7 Qxb2 26. Qf3 Qb1+ 27. Kh2 Qg6 28. a4 Rd8 29. Ra8 Rxa8 30. Qxa8+ Kh7 31. Qd8 Qc6 32. Qd3+ g6 33. Qb5 Qf6 34. a5 bxa5 35. Qxc5 a4 36. Qa3 Qf4+ 37. Kg1 Qc4 38. Qe7 Qe6 39. Qh4 Qb6 40. Qf4 a3 41. c4 Kg8 0-1

[Event "Gran Canaria Cabildo op"]
[Site "Gran Canaria"]
[Date "2013.01.17"]
[Round "3"]
[White "Gonzalez Ortega, Pino"]
[Black "Gonzalez Acosta, Pablo"]
[Result "0-1"]
[WhiteElo "1351"]
[BlackElo "1656"]
[PlyCount "56"]
[EventDate "2013.01.10"]
[EventType "swiss"]
[EventRounds "7"]
[EventCountry "ESP"]
[SourceTitle "CBM 152 Extra"]
[Source "ChessBase"]
[SourceDate "2013.02.25"]
[SourceVersion "1"]
[SourceVersionDate "2013.02.25"]
[SourceQuality "1"]

1. d4 d5 2. c4 e6 3. Nc3 Nf6 4. Bg5 Nbd7 5. e3 Be7 6. Nf3 0-0 7. Qc2 a6 8. cxd5 exd5 9. Bd3 c6 10. 0-0 h6 11. Bh4 Re8 12. a3 Nf8 13. Bxf6 Bxf6 14. b4 Bg4 15. Be2 Qd6 16. Rfc1 Bd8 17. Na4 Bc7 18. g3 Qf6 19. Qd1 Ne6 20. Nc5 Nxc5 21. Rxc5 h5 22. Kg2 h4 23. Nxh4 Bxe2 24. Qxe2 Bb6 25. Rc3 Bxd4 26. Rxc6 Qxc6 27. Rd1 Bf6 28. Nf3 d4 0-1

[Event "ESP-ch 77th"]
[Site "San Agustin"]
[Date "2012.10.05"]
[Round "7"]
[White "Gonzalez Acosta, Pablo"]
[Black "Alvarez Pedrosa, Valeriano"]
[Result "0-1"]
[WhiteElo "1906"]
[BlackElo "1947"]
[PlyCount "118"]
[EventDate "2012.09.29"]
[EventType "swiss"]
[EventRounds "9"]
[EventCountry "ESP"]
[SourceTitle "EXT 2014"]
[Source "ChessBase"]
[SourceDate "2013.11.20"]
[SourceVersion "1"]
[SourceVersionDate "2013.11.20"]
[SourceQuality "1"]

1. d4 Nf6 2. Nf3 g6 3. e3 Bg7 4. c3 0-0 5. Bd3 d6 6. 0-0 Nc6 7. e4 e5 8. d5 Ne7 9. Nbd2 Nh5 10. h3 Nf4 11. Nc4 Nxd3 12. Qxd3 h6 13. Nh2 f5 14. f3 f4 15. Bd2 h5 16. Be1 g5 17. h4 g4 18. fxg4 hxg4 19. g3 Bh6 20. a4 Rf7 21. b4 Ng6 22. Qd1 Rg7 23. Nxg4 Bxg4 24. Qxg4 Nxh4 25. Qe6+ Kh7 26. Kh2 Qg5 27. Qh3 Ng6 28. Bf2 Rf8 29. Rg1 Qf6 30. Raf1 Kh8 31. Rh1 Rh7 32. Kg2 fxg3 33. Bxg3 Nf4+ 34. Bxf4 exf4 35. Rf3 Qg6+ 36. Kf2 Qxe4 37. Qf1 Qxd5 38. Rfh3 Qe6 39. Qd3 d5 40. Qd4+ Kg8 41. Ne5 Rf6 42. Rg1+ Rg7 43. Rxh6 Rxh6 44. Rxg7+ Kxg7 45. Ng4+ Rf6 46. Nxf6 Qxf6 47. Qxd5 Qh4+ 48. Kf1 Qh3+ 49. Kf2 Qe3+ 50. Kf1 f3 51. Qc4 Kf6 52. a5 a6 53. Qh4+ Kf5 54. Qc4 Qf4 55. Qf7+ Ke4 56. Qg6+ Ke3 57. Qc2 Qc4+ 58. Kg1 Qg4+ 59. Kf1 Qg2+ 0-1

[Event "Maspalomas final 5th"]
[Site "Maspalomas"]
[Date "2012.08.31"]
[Round "5.3"]
[White "Gonzalez Acosta, Pablo"]
[Black "Sanchez Quintero, Raul"]
[Result "1/2-1/2"]
[WhiteElo "1906"]
[BlackElo "2120"]
[PlyCount "107"]
[EventDate "2012.08.28"]
[EventType "swiss"]
[EventRounds "5"]
[EventCountry "ESP"]
[SourceTitle "EXT 2024"]
[Source "ChessBase"]
[SourceDate "2023.10.10"]
[SourceVersion "1"]
[SourceVersionDate "2023.10.10"]
[SourceQuality "1"]

1. d4 Nf6 2. c4 e6 3. Nc3 d5 4. Nf3 Nbd7 5. Bg5 Bb4 6. e3 0-0 7. Bd3 c5 8. 0-0 Qa5 9. Qc2 Bxc3 10. Bxf6 Nxf6 11. bxc3 b5 12. cxd5 c4 13. dxe6 cxd3 14. exf7+ Kh8 15. Qxd3 Rxf7 16. Ne5 Rc7 17. Rfc1 Bb7 18. f3 Rac8 19. c4 bxc4 20. Rxc4 Rxc4 21. Nxc4 Qa6 22. Ne5 Qxd3 23. Nxd3 Kg8 24. Ne5 Kf8 25. e4 Ke7 26. d5 Rc7 27. Rb1 Kd6 28. Nd3 Nd7 29. Rb2 a5 30. f4 Ba6 31. Rd2 Bxd3 32. Rxd3 Rc1+ 33. Kf2 Rc2+ 34. Kf3 Rxa2 35. Rc3 Nc5 36. h4 Ra4 37. Re3 Rxe4 38. Rxe4 Nxe4 39. Kxe4 a4 40. Kd4 a3 41. Kc3 a2 42. Kb2 a1Q+ 43. Kxa1 Kxd5 44. h5 h6 45. g4 Ke4 46. g5 Kxf4 47. gxh6 gxh6 48. Kb2 Kg5 49. Kc2 Kxh5 50. Kd2 Kg4 51. Ke2 Kg3 52. Kf1 Kh2 53. Kf2 Kh1 54. Kf1 1/2-1/2

[Event "Maspalomas final 5th"]
[Site "Maspalomas"]
[Date "2012.08.29"]
[Round "3.3"]
[White "Jimenez Mendoza, Jose Miguel"]
[Black "Gonzalez Acosta, Pablo"]
[Result "1-0"]
[WhiteElo "1755"]
[BlackElo "1906"]
[PlyCount "51"]
[EventDate "2012.08.28"]
[EventType "swiss"]
[EventRounds "5"]
[EventCountry "ESP"]
[SourceTitle "EXT 2024"]
[Source "ChessBase"]
[SourceDate "2023.10.10"]
[SourceVersion "1"]
[SourceVersionDate "2023.10.10"]
[SourceQuality "1"]

1. e4 c5 2. Nf3 e6 3. d4 cxd4 4. Nxd4 Nf6 5. Bg5 Be7 6. Nc3 d6 7. f3 a6 8. Bd3 h6 9. Be3 0-0 10. Qd2 Qc7 11. g4 Nh7 12. h4 Nc6 13. 0-0-0 b5 14. Rdg1 Nxd4 15. Bxd4 e5 16. Nd5 Qb7 17. Be3 Be6 18. g5 Bxd5 19. exd5 h5 20. Bxh7+ Kxh7 21. g6+ Kh8 22. Qd3 f5 23. Bg5 Rac8 24. f4 e4 25. Qd1 Rxc2+ 26. Kxc2 1-0